Random Cities by Picture - Statistics

General Stats
  • This quiz has been taken 47 times
  • The average score is 8 of 15
Answer Stats
Picture Answer % Correct
Moscow
95%
Rio De Janeiro
91%
Dubai
81%
Seattle
79%
St Louis
79%
Istanbul
77%
Singapore
67%
Dallas
58%
Delhi
44%
Pyongyang
44%
Doha
35%
Manila
26%
Thimphu
19%
Cairo
12%
Perth
7%
No matching quizzes found
Score Distribution
Percent of People with Each Score
Percentile by Number Answered
Your Score History
You have not taken this quiz